| 000 | 02157cam a22006134i 4500 | ||
|---|---|---|---|
| 003 | PE-LiUPU | ||
| 005 | 20250731170427.0 | ||
| 008 | 190716s1994 ag rb 000 0 spa d | ||
| 020 | _a9505734565 | ||
| 020 | _a9789505734566 | ||
| 035 | _a(Sirsi) a252317 | ||
| 040 |
_aPE-LiUPU _bspa _cPE-LiUPU _erda |
||
| 049 | _aPRUA | ||
| 082 | 0 | 4 |
_a155.5 _bN96 _220 |
| 100 | 1 |
_aNúñez, Miguel Angel, _eautor. |
|
| 245 | 1 | 0 |
_aEspejo para un adolescente / _cMiguel Ángel Nuñez. |
| 250 | _aPrimera edición. | ||
| 264 | 1 |
_aBuenos Aires : _bAsociación Casa Editora Sudamericana, _c1994. |
|
| 300 |
_a206 páginas ; _c21 centímetros |
||
| 336 |
_atext _2rdacontent |
||
| 337 |
_aunmediated _2rdamedia |
||
| 338 |
_avolume _2rdacarrier |
||
| 504 | _aBibliografía: páginas 204-206. | ||
| 505 | 0 | _aEspejo para un adolescente -- La persona que soy -- Mis padres -- Comunicación -- Amor incondicional -- Mis amigos -- Aceptación de mi mismo -- Sexo y cuerpo -- Mis sentimientos -- Mi futuro -- Dios y la gloria -- Yo he pasado por el mismo camino -- El significado de la madurez -- Ser padre -- El perdume del amor -- Que es aceptarse -- La clave de la comunicación -- La felicidad del compromiso sexual -- El éxito -- El futuro es nuestro amigo -- Dios esta contigo. | |
| 526 | _aSEG68 | ||
| 526 | _aSEG70 | ||
| 526 | _aSEG69 | ||
| 526 | _aSEG67 | ||
| 526 | _aSEG43 | ||
| 526 | _aP144 | ||
| 526 | _aP143 | ||
| 526 | _aP131 | ||
| 526 | _aP122 | ||
| 526 | _aP120 | ||
| 526 | _aP117 | ||
| 526 | _aP112 | ||
| 526 | _aP110 | ||
| 526 | _aP106 | ||
| 526 | _aP101 | ||
| 526 | _aP80 | ||
| 526 | _aP59 | ||
| 526 | _aP54 | ||
| 526 | _aP35 | ||
| 526 | _aP33 | ||
| 526 | _aP30 | ||
| 650 | 0 | 4 |
_aPsicología. _95567 |
| 650 | 0 | 4 | _aHistorias de adolescentes. |
| 910 |
_adbm _brrch _crrch _d20190717 |
||
| 942 |
_2ddc _cBOOK |
||
| 994 |
_aC0 _bPEPRU |
||
| 596 | _a1 | ||
| 999 |
_a155.5 N96 _wDEWEY _c31545 _i80353 _f2021-11-3 _g3 _lCCODEBUL1 _mBUL _p8.00 _r0 _sY _tBOOK _u2019-7-16 _xSALUD _zP33 _0DONACION _o.STAFF. Colección Ciencias de la Salud _d31545 |
||
| 980 |
_81 _gALBERTO SANCHEZ Responsable de Automatización |
||